000 00885nam a22002657i 4500
003 DO-SdBNP
005 20260323133726.0
007 ta
008 100407s2019 dr 000 0 spa d
020 _a9789945917857
040 _aDO-SdBNP
_bspa
_cBNPHU
_erda
041 _aspa
082 _axxx
_bR426p
_222
110 1 _aRepública Dominicana.
_bOficina Nacional de Estadistica
_95775
245 0 0 _aPolítica de transversalizaciòn del enfoque de género en las estadísticas oficiales :
_bpolítica y plan de acción
264 _aSanto Domingo :
_bONE,
_c2019.
300 _a47 páginas :
_c28 cm.
336 _ardacontent
_btexto
_2txt
337 _ardamedia
_bsin mediación
_2n
338 _ardacarrier
_bvolumen
_2nc
590 _aInventariado, 2022/ YL
710 1 _aRepública Dominicana.
_bOficina Nacional de Estadística
_95775
910 _aYLockward
942 _2ddc
_cLF2
999 _c51554
_d51554